7 nani in 15 secondi - Statistics

Statistiche generali
  • Questo quiz è stato fatto 72 volte
  • Il punteggio medio è 5 su 7
Statistiche sulle risposte
Nani % Corretto
Mammolo
86%
Brontolo
78%
Eolo
76%
Pisolo
76%
Dotto
75%
Cucciolo
59%
Gongolo
49%
Nessun quiz corrispondente trovato
Distribuzione punteggi
Percentuale di utenti per punteggio
Percentile per numero di risposta
I tuoi punteggi nel tempo
Non hai fatto questo quiz